Vplyv internetu na konkurencieschopnosť podniku bakalárska práca

Enregistré dans:
Détails bibliographiques
Auteur principal: Repaský, Matej
Collectivité auteur: Obchodná fakulta EU. Katedra informatiky obchodných firiem
Autres auteurs: Hlavatý, Ivan, 1978-
Format: Livre
Langue:slovaque
Publié: Bratislava 2011
Tags: Ajouter un tag
Pas de tags, Soyez le premier à ajouter un tag!

MARC

LEADER 00000nbm a2200000 4500
001 0132012
005 20161109111426.0
041 0 |a slo 
044 |a SK 
245 1 0 |a Vplyv internetu na konkurencieschopnosť podniku  |b bakalárska práca  |c Matej Repaský ; školiteľ: Ivan Hlavatý 
264 1 |a Bratislava  |c 2011 
300 |a 45 s. 
100 1 |a Repaský, Matej 
700 1 |a Hlavatý, Ivan, 1978- 
710 2 |a Obchodná fakulta EU. Katedra informatiky obchodných firiem